Eat Your Heart Out The Look Good, Feel Good, Silver (Record no. 41362)
[ view plain ]
| 000 -LEADER | |
|---|---|
| fixed length control field | 00390nam a2200145Ia 4500 |
| 008 - FIXED-LENGTH DATA ELEMENTS--GENERAL INFORMATION | |
| fixed length control field | 240719s9999 xx 000 0 und d |
| 041 ## - LANGUAGE CODE | |
| Language code of text/sound track or separate title | eng |
| 082 ## - DEWEY DECIMAL CLASSIFICATION NUMBER | |
| Classification number | 641.5 DEA |
| 100 ## - MAIN ENTRY--PERSONAL NAME | |
| Personal name | Sheremet, Dean |
| 245 ## - TITLE STATEMENT | |
| Title | Eat Your Heart Out The Look Good, Feel Good, Silver |
| 260 ## - PUBLICATION, DISTRIBUTION, ETC. | |
| Place of publication, distribution, etc. | New York |
| Name of publisher, distributor, etc. | Woodstock |
| Date of publication, distribution, etc. | 2016 |
| 300 ## - PHYSICAL DESCRIPTION | |
| Extent | 256;. P 27 Cm |
| 365 ## - TRADE PRICE | |
| Currency code | |
| Price amount | 25.95 |
| 520 ## - SUMMARY, ETC. | |
| Summary, etc. | Gifted By : IMT Faculty |
| Withdrawn status | Lost status | Damaged status | Not for loan | Home library | Current library | Shelving location | Date acquired | Full call number | Barcode | Date last seen | Price effective from | Koha item type | Public note |
|---|---|---|---|---|---|---|---|---|---|---|---|---|---|
| IMTN | IMTN | Rack 19-B | 07/15/2023 | 641.5 DEA | 33057 | 07/19/2024 | 07/19/2024 | Books | Gifted |